Itowo si atumo ede Yoruba ode oni an introduction to modern Yoruba dictionary
Gardado en:
| Autor Principal: | |
|---|---|
| Formato: | Libro |
| Idioma: | inglés |
| Publicado: |
Educational Research Publishers
1999.
|
| Tags: |
Engadir etiqueta
Sen Etiquetas, Sexa o primeiro en etiquetar este rexistro!
|
MARC
| LEADER | 00000nam a22000007a 4500 | ||
|---|---|---|---|
| 008 | 210122b ||||| |||| 00| 0 eng d | ||
| 020 | |a ISBN: 978-047-951-1 | ||
| 100 | |a JEJENIWA, G. B. S. | ||
| 245 | |a Itowo si atumo ede Yoruba ode oni |b an introduction to modern Yoruba dictionary |c G. B. S. Jejeniwa |g ix, 121p.; ill. | ||
| 260 | |b Educational Research Publishers |c 1999. |h Ado-Ekiti, Nigeri |i 690101 |l PL8823 .J35 |m Yoruba language – Dictionaries – English | ||
| 942 | |a lcc |c BK |e Olagoke,M.A |f 22/01/2021 | ||
| 952 | |0 0 |1 0 |2 lcc |4 0 |6 PL8823 J35 |7 0 |9 1591 |a HOL |b HOL |c LP |d 2021-01-22 |l 0 |o PL8823 .J35 |p 2021-0379 |r 2021-01-22 00:00:00 |w 2021-01-22 |y BK | ||
| 999 | |c 841 |d 841 | ||